| 000 | 00439nam a2200193Ia 4500 | ||
|---|---|---|---|
| 999 |
_c36449 _d36449 |
||
| 001 | 2364 | ||
| 003 | GE_BSU | ||
| 005 | 20221026114924.0 | ||
| 008 | 181216s2005az xx |||||||||||||| ||aze|| | ||
| 040 | _cGE_BSU | ||
| 041 | _aaze | ||
| 080 | _a32(479.24) A -36 | ||
| 100 |
_a ALİYEV, HEYDAR. _915549 |
||
| 245 |
_aADİNA HARBİ LİSEY / _cHEYDAR A LİYEV. |
||
| 260 | _aBAKİ | ||
| 260 | _c2005 | ||
| 300 | _a128 c.: | ||
| 942 |
_cBK _2udc |
||